[Event "ch N1A"]
[Site "Bois-Colombes"]
[Date "10.12.06"]
[Round "4.4"]
[White "Hareux, Hubert"]
[Black "Pietrasanta, Jeremy"]
[Result "0-1"]
[WhiteElo "2237"]
[BlackElo "2222"]
[PlyCount "172"]
[EventDate "10.12.06"]
[WhiteTeam "Cappelle la Grande"]
[BlackTeam "Bois-Colombes"]

1. d4 g6 2. c4 Bg7 3. Nc3 c6 4. Nf3 Na6 5. e3 Nc7 6. Be2 d6 7. O-O Nf6 8. b4
O-O 9. a4 e5 10. dxe5 dxe5 11. Bb2 Qe7 12. Qb3 e4 13. Nd2 Rd8 14. Rfd1 Bf5 15.
Nf1 h5 16. Rxd8+ Rxd8 17. Rd1 Rxd1 18. Bxd1 h4 19. h3 Ne6 20. Ne2 Qd7 21. Nd4
Ng5 22. Nxf5 Qxf5 23. Nh2 Qd7 24. Nf1 Qd6 25. Bd4 a6 26. Bc2 Nd7 27. c5 Qe7 28.
Bxg7 Kxg7 29. a5 Ne5 30. Qc3 Qf6 31. Kh1 Kh7 32. Qd2 Qe6 33. Qd8 f6 34. Nd2
Ngf7 35. Qd4 f5 36. Bb3 Qe7 37. Bxf7 Nxf7 38. Nc4 g5 39. Nd6 Kg6 40. Nxf7 Qxf7
41. Kg1 Qf6 42. Qd7 Qf7 43. Qc8 Kf6 44. Qb8 Qe7 45. Qh8+ Kg6 46. Qb8 Kf6 47.
Qg8 Qf7 48. Qd8+ Qe7 49. Qh8+ Ke6 50. Qg8+ Ke5 51. Qh8+ Kd5 52. Qd4+ Ke6 53.
Qh8 Kd5 54. Qd4+ Ke6 55. Qc4+ Kd7 56. Qg8 Kc7 57. Qg6 f4 58. exf4 gxf4 59. Qf5
f3 60. Qf4+ Kc8 61. gxf3 exf3 62. Qxf3 Kb8 63. Kg2 Qe5 64. Qe3 Qd5+ 65. Kh2 Qc4
66. Qd2 Qe4 67. f4 Ka7 68. Qf2 Qe7 69. Kg2 Qf6 70. f5 Qg5+ 71. Kh1 Qf6 72. Qf4
Qc3 73. Kg2 Qf6 74. Kf3 Ka8 75. Kg4 Ka7 76. Qd6 Qc3 77. Kxh4 Qxb4+ 78. Kg5 Qe4
79. h4 Qe3+ 80. Kg6 Qe4 81. Qd8 Qc2 82. h5 Qg2+ 83. Qg5 Qe4 84. Kg7 Qe5+ 85.
Kh7 Qxc5 86. f6 Qxg5 0-1

[Event "ch N1A"]
[Site "Bois-Colombes"]
[Date "10.12.06"]
[Round "4.5"]
[White "Bernard, Vincent"]
[Black "Husson, Cybele"]
[Result "1-0"]
[WhiteElo "2230"]
[BlackElo "2051"]
[PlyCount "59"]
[EventDate "10.12.06"]
[WhiteTeam "Bois-Colombes"]
[BlackTeam "Cappelle la Grande"]

1. Nf3 g6 2. c4 Bg7 3. Nc3 d6 4. d4 Nd7 5. e4 e5 6. Be2 Ne7 7. Bg5 h6 8. Be3
O-O 9. dxe5 Nxe5 10. Nd4 f5 11. exf5 Nxf5 12. Nxf5 Bxf5 13. O-O Qd7 14. Qd2 Kh7
15. Rad1 b6 16. Rfe1 Qf7 17. b3 a5 18. f3 Nc6 19. Bd3 Nb4 20. Be4 Bxe4 21. Nxe4
Rad8 22. a3 d5 23. cxd5 Nxd5 24. Bf2 Rfe8 25. Qc2 Qf8 26. h4 Qf5 27. Qc4 Nf4
28. Rxd8 Rxd8 29. Qxc7 Rd5 30. Be3 1-0

[Event "ch N1A"]
[Site "Bois-Colombes"]
[Date "10.12.06"]
[Round "4.6"]
[White "Couche, Didier"]
[Black "Guichard, Pauline"]
[Result "1-0"]
[WhiteElo "2119"]
[BlackElo "2287"]
[PlyCount "119"]
[EventDate "10.12.06"]
[WhiteTeam "Cappelle la Grande"]
[BlackTeam "Bois-Colombes"]

1. d4 d5 2. c4 c6 3. Nf3 e6 4. Nbd2 Nf6 5. e3 Nbd7 6. Bd3 Bd6 7. O-O O-O 8. e4
dxe4 9. Nxe4 Nxe4 10. Bxe4 Nf6 11. Bc2 h6 12. b3 b6 13. Bb2 Bb7 14. Qd3 Re8 15.
Rfe1 Qc7 16. c5 Be7 17. b4 Rad8 18. Qb3 Nd5 19. a3 Bf6 20. Rad1 Ba6 21. Bb1 Nf4
22. Qc2 bxc5 23. bxc5 Qb7 24. Bc3 Qb5 25. Kh1 Ne2 26. Qh7+ Kf8 27. Bd3 Qb3 28.
Ba5 Bxd3 29. Rxd3 Qc2 30. Bxd8 Rxd8 31. Qe4 Nc3 32. Qe3 Nb5 33. Red1 Qa4 34.
R1d2 Qc4 35. Rd1 a5 36. h3 a4 37. Ne5 Qd5 38. Qf3 Rc8 39. Qxd5 exd5 40. f4 Bxe5
41. fxe5 Ke7 42. Rb1 Ke6 43. Rb4 Ra8 44. Rf3 Ra7 45. Kg1 Ke7 46. Kf2 Ra8 47.
Ke2 Ra7 48. Kd2 Ra8 49. Kc2 Ra7 50. Kb2 Ra8 51. Rg3 Kf8 52. Rxb5 cxb5 53. Kc3
Rc8 54. Kb4 Rb8 55. c6 Ke7 56. Rc3 f6 57. exf6+ gxf6 58. c7 Rc8 59. Kxb5 Kd7
60. Kb6 1-0

[Event "ch N1A"]
[Site "Bois-Colombes"]
[Date "10.12.06"]
[Round "4.7"]
[White "Bremond, Eric"]
[Black "Caels, Vivianne"]
[Result "1-0"]
[WhiteElo "2244"]
[BlackElo "2044"]
[PlyCount "80"]
[EventDate "10.12.06"]
[WhiteTeam "Bois-Colombes"]
[BlackTeam "Cappelle la Grande"]

1. e4 e6 2. d4 b6 3. Bd3 Bb7 4. Nf3 Nf6 5. Qe2 d6 6. O-O Be7 7. e5 Nfd7 8. Bf4
d5 9. Nbd2 c5 10. c3 Nc6 11. a3 c4 12. Bc2 b5 13. Qe3 a5 14. Bg5 h6 15. Bxe7
Qxe7 16. b3 cxb3 17. Nxb3 a4 18. Nbd2 Na5 19. Rfb1 Bc6 20. Bd3 Nc4 21. Nxc4
bxc4 22. Bc2 O-O 23. Qc1 Rfb8 24. Rb4 Rxb4 25. axb4 Bb5 26. Qe1 Nb6 27. Ra3 Qd8
28. h4 Qe8 29. h5 f5 30. exf6 gxf6 31. Nh4 Ra7 32. Ra1 Rg7 33. Ng6 f5 34. Qe2
Kh7 35. Re1 Bd7 36. Qe5 Qc8 37. Qd6 Na8 38. Nf8+ Kg8 39. Nxe6 Bxe6 40. Rxe6 a3
1-0

[Event "ch N1A"]
[Site "Bois-Colombes"]
[Date "10.12.06"]
[Round "4.8"]
[White "Gouvart, Stephane"]
[Black "Frih, Ameur"]
[Result "0-1"]
[WhiteElo "1980"]
[BlackElo "2176"]
[PlyCount "54"]
[EventDate "10.12.06"]
[WhiteTeam "Cappelle la Grande"]
[BlackTeam "Bois-Colombes"]

1. e4 c5 2. Nc3 Nc6 3. g3 g6 4. Bg2 Bg7 5. d3 e6 6. Be3 d6 7. Qd2 Nd4 8. Nge2
Ne7 9. Nc1 O-O 10. Nd1 e5 11. c3 Bh3 12. O-O Bxg2 13. Kxg2 Ne6 14. f4 exf4 15.
gxf4 f5 16. Nf2 d5 17. exd5 Nxd5 18. Ne2 Re8 19. Rae1 Nxe3+ 20. Qxe3 Nd4 21.
Qxe8+ Qxe8 22. Nxd4 Qa4 23. Ne6 Re8 24. Ng5 h6 25. Ngh3 Rxe1 26. Rxe1 Qxa2 27.
Re2 Bxc3 0-1

[Event "ch N1A"]
[Site "C.E. Nantes"]
[Date "10.12.06"]
[Round "4.1"]
[White "Grigorov, Grigor"]
[Black "Bedouin, Xavier"]
[Result "1-0"]
[WhiteElo "2424"]
[BlackElo "2342"]
[PlyCount "75"]
[EventDate "10.12.06"]
[WhiteTeam "C.E. Nantes"]
[BlackTeam "Migné-Auxances"]

1. d4 d5 2. Nf3 Nf6 3. c4 e6 4. Nc3 Be7 5. Bg5 h6 6. Bh4 O-O 7. e3 Ne4 8. Bxe7
Qxe7 9. Qc2 c6 10. Bd3 Nxc3 11. Qxc3 Nd7 12. O-O dxc4 13. Bxc4 b6 14. e4 Bb7
15. Rfe1 Rad8 16. d5 exd5 17. exd5 Qf6 18. Qxf6 Nxf6 19. Re7 cxd5 20. Bb5 Rb8
21. Rc1 a6 22. Bf1 Rfe8 23. Rcc7 Rxe7 24. Rxe7 Kf8 25. Rc7 Ne8 26. Rd7 Nf6 27.
Ne5 Kg8 28. Rxf7 Bc8 29. Ra7 Bb7 30. Bxa6 Bxa6 31. Rxa6 Rc8 32. h3 Rc1+ 33. Kh2
Rc2 34. Rxb6 Rxf2 35. a4 d4 36. a5 Rf1 37. Rd6 Ra1 38. b4 1-0

[Event "ch N1A"]
[Site "C.E. Nantes"]
[Date "10.12.06"]
[Round "4.2"]
[White "Saada, Julien"]
[Black "Petkov, Vladimir"]
[Result "0-1"]
[WhiteElo "2247"]
[BlackElo "2443"]
[PlyCount "59"]
[EventDate "10.12.06"]
[WhiteTeam "Migné-Auxances"]
[BlackTeam "C.E. Nantes"]

1. d4 Nf6 2. Bg5 e6 3. e4 h6 4. Bxf6 Qxf6 5. c3 d6 6. Bd3 g6 7. Ne2 Bg7 8. O-O
Qe7 9. f4 e5 10. Nd2 exd4 11. cxd4 O-O 12. Qb3 c5 13. dxc5 dxc5 14. e5 Nc6 15.
Be4 Be6 16. Qe3 Rac8 17. Rac1 Rfd8 18. Nc4 Bd5 19. Bxd5 Rxd5 20. Rfd1 Rcd8 21.
Rxd5 Rxd5 22. Nc3 Rd7 23. Ne4 Rd4 24. Ncd6 Nxe5 25. fxe5 Bxe5 26. Nc8 Qd8 27.
Nf2 Bf4 28. Ne7+ Kg7 29. Qf3 Qxe7 30. Rf1 0-1

[Event "ch N1A"]
[Site "C.E. Nantes"]
[Date "10.12.06"]
[Round "4.3"]
[White "Delaunay, Sebastien"]
[Black "Picard, Romain"]
[Result "1-0"]
[WhiteElo "2346"]
[BlackElo "2318"]
[PlyCount "83"]
[EventDate "10.12.06"]
[WhiteTeam "C.E. Nantes"]
[BlackTeam "Migné-Auxances"]

1. Nf3 c5 2. g3 b6 3. Bg2 Bb7 4. O-O Nf6 5. c4 e6 6. Nc3 a6 7. Re1 d6 8. e4
Nbd7 9. d4 cxd4 10. Nxd4 Qc7 11. Nd5 exd5 12. exd5+ Kd8 13. Nc6+ Kc8 14. Bg5
Bxc6 15. dxc6 Ne5 16. f4 Nxc6 17. Bxf6 gxf6 18. Re8+ Kb7 19. Rxa8 Kxa8 20. Qd5
Be7 21. Qxc6+ Qxc6 22. Bxc6+ Kb8 23. Re1 Bd8 24. Kg2 Kc7 25. Bd5 Rf8 26. b4 f5
27. b5 a5 28. Bc6 d5 29. Bxd5 Bf6 30. Rd1 Rd8 31. Kf3 a4 32. Rd3 Bb2 33. Re3
Rd7 34. Re8 a3 35. h4 Kd6 36. Rc8 Rc7 37. Rxc7 Kxc7 38. Bxf7 Kd6 39. Bg8 h6 40.
Bh7 Ke6 41. c5 bxc5 42. Bxf5+ 1-0

[Event "ch N1A"]
[Site "C.E. Nantes"]
[Date "10.12.06"]
[Round "4.4"]
[White "Fougerit, Valentin"]
[Black "Bodson, Jordane"]
[Result "1-0"]
[WhiteElo "2212"]
[BlackElo "2151"]
[PlyCount "51"]
[EventDate "10.12.06"]
[WhiteTeam "Migné-Auxances"]
[BlackTeam "C.E. Nantes"]

1. e4 c5 2. Nf3 d6 3. Bb5+ Bd7 4. Bxd7+ Nxd7 5. O-O Ngf6 6. Qe2 e6 7. c4 Be7 8.
Nc3 O-O 9. d4 cxd4 10. Nxd4 a6 11. b3 Qc7 12. Bb2 Rad8 13. Rad1 Nb6 14. f4 d5
15. cxd5 exd5 16. e5 Ne8 17. Qh5 g6 18. Qh6 Ng7 19. Rf3 Rfe8 20. Rh3 Nh5 21.
Rxh5 gxh5 22. Nf5 Bf8 23. Qg5+ Kh8 24. Ne4 Qc2 25. Rd2 Qxe4 26. e6+ 1-0

[Event "ch N1A"]
[Site "C.E. Nantes"]
[Date "10.12.06"]
[Round "4.5"]
[White "Rihouay, Clement"]
[Black "Pel, Bonno"]
[Result "0-1"]
[WhiteElo "2198"]
[BlackElo "2266"]
[PlyCount "76"]
[EventDate "10.12.06"]
[WhiteTeam "C.E. Nantes"]
[BlackTeam "Migné-Auxances"]

1. e4 d6 2. d4 g6 3. g3 Bg7 4. Bg2 Nc6 5. Ne2 Bg4 6. f3 Bd7 7. Be3 e5 8. O-O
Nf6 9. c4 exd4 10. Nxd4 O-O 11. Nc3 a6 12. Nxc6 Bxc6 13. Qb3 Re8 14. Rad1 Qb8
15. a4 Nd7 16. a5 b5 17. axb6 Nxb6 18. Bxb6 cxb6 19. Qa3 Be5 20. Nd5 b5 21. b3
a5 22. Kh1 b4 23. Qc1 a4 24. f4 Bg7 25. e5 dxe5 26. Nf6+ Bxf6 27. Bxc6 Rc8 28.
Bxa4 Qb7+ 29. Kg1 Bd8 30. h3 Bb6+ 31. Kh2 e4 32. Rd7 Rc7 33. Rfd1 Rxd7 34. Rxd7
Qc8 35. Re7 Qc5 36. Re5 Qf2+ 37. Kh1 Qf3+ 38. Kh2 Bf2 0-1

[Event "ch N1A"]
[Site "C.E. Nantes"]
[Date "10.12.06"]
[Round "4.6"]
[White "Picard, Clement"]
[Black "Grill, Marc"]
[Result "1-0"]
[WhiteElo "2160"]
[BlackElo "2151"]
[PlyCount "85"]
[EventDate "10.12.06"]
[WhiteTeam "Migné-Auxances"]
[BlackTeam "C.E. Nantes"]

1. e4 d6 2. d4 Nf6 3. Nc3 Nbd7 4. g3 e5 5. Nge2 g6 6. Bg2 Bg7 7. O-O O-O 8. h3
Re8 9. Re1 c6 10. a4 Qc7 11. Be3 b6 12. g4 exd4 13. Bxd4 h6 14. Ng3 Bb7 15. Qd2
Rad8 16. Rad1 Kh7 17. Be3 Nc5 18. Bf4 Bf8 19. g5 hxg5 20. Bxg5 Bg7 21. Qf4 Re6
22. h4 Qe7 23. h5 Ncd7 24. Qh4 Kg8 25. f4 Re8 26. Bh3 d5 27. Bxe6 Qc5+ 28. Kg2
Rxe6 29. e5 Nh7 30. h6 Bf8 31. Nge2 Qc4 32. Nd4 Re8 33. Rd2 Nc5 34. Nf3 d4 35.
Nd1 Qxa4 36. Nxd4 Qb4 37. Nc3 Ne6 38. Nxe6 fxe6 39. Qg4 Bc5 40. Kg3 Nf8 41. h7+
Kxh7 42. Qh4+ Kg8 43. Bf6 1-0

[Event "ch N1A"]
[Site "C.E. Nantes"]
[Date "10.12.06"]
[Round "4.7"]
[White "Chabradze, Boris"]
[Black "Robert, Frederic"]
[Result "1-0"]
[WhiteElo "2107"]
[BlackElo "2064"]
[PlyCount "119"]
[EventDate "10.12.06"]
[WhiteTeam "C.E. Nantes"]
[BlackTeam "Migné-Auxances"]

1. e4 e6 2. Nf3 d5 3. Nc3 dxe4 4. Nxe4 Nd7 5. d4 Ngf6 6. Bd3 Be7 7. Qe2 a6 8.
Nxf6+ Nxf6 9. Bg5 Nd5 10. Bxe7 Qxe7 11. Qe5 f6 12. Qh5+ Qf7 13. Qxf7+ Kxf7 14.
O-O Bd7 15. c4 Nb4 16. Be4 Bc6 17. Rfe1 Rae8 18. Kf1 Re7 19. a3 Bxe4 20. Rxe4
Nc6 21. Rc1 Rd8 22. b4 Rd6 23. g4 Red7 24. Rd1 e5 25. d5 Ne7 26. g5 c6 27. gxf6
gxf6 28. Rh4 Kg7 29. Rg4+ Kh8 30. Re1 cxd5 31. c5 Rc6 32. Rxe5 fxe5 33. Nxe5
Ng6 34. Nxd7 Re6 35. Rd4 Ne7 36. Nb6 Re5 37. Nd7 Re6 38. a4 Kg7 39. b5 axb5 40.
axb5 Rh6 41. c6 Nxc6 42. bxc6 bxc6 43. Kg2 Rd6 44. Nc5 Kf7 45. Kf3 Ke7 46. Rh4
Rf6+ 47. Ke3 h6 48. f4 Kd6 49. Kd4 h5 50. Nb7+ Kc7 51. Ke5 Rh6 52. Nc5 Kb6 53.
Ne6 d4 54. Nxd4 c5 55. Ne6 c4 56. f5 Kb5 57. f6 c3 58. f7 Rh8 59. Rh3 Kc4 60.
Rxc3+ 1-0

[Event "ch N1A"]
[Site "C.E. Nantes"]
[Date "10.12.06"]
[Round "4.8"]
[White "Boulan, Laura"]
[Black "Marchadour, Claire"]
[Result "0-1"]
[WhiteElo "1927"]
[BlackElo "2074"]
[PlyCount "94"]
[EventDate "10.12.06"]
[WhiteTeam "Migné-Auxances"]
[BlackTeam "C.E. Nantes"]

1. e4 c5 2. c3 d5 3. exd5 Qxd5 4. d4 g6 5. Nf3 Bg7 6. Na3 Bg4 7. Be2 cxd4 8.
Nb5 Na6 9. Nbxd4 e5 10. h3 Bd7 11. Nc2 Qe6 12. O-O Ne7 13. Ne3 O-O 14. Bc4 Qc6
15. Qe2 b5 16. Bb3 Nc5 17. Bc2 f5 18. Rd1 Rad8 19. b4 Ne6 20. Bb3 Kh8 21. Nd5
Nxd5 22. Bxd5 Qxc3 23. Bb2 Nf4 24. Qd2 Qxd2 25. Rxd2 Bc8 26. Rad1 e4 27. Bxg7+
Kxg7 28. Ne5 Be6 29. Bc6 Rxd2 30. Rxd2 a6 31. a3 Bc8 32. h4 Ne6 33. Kf1 Rd8 34.
Ke1 Rxd2 35. Kxd2 Nd8 36. Ke3 Kf6 37. Bd7 Bb7 38. Kd4 h6 39. g3 g5 40. hxg5+
hxg5 41. g4 f4 42. Bf5 Ne6+ 43. Bxe6 Kxe6 44. Ng6 e3 45. fxe3 f3 46. Kd3 Be4+
47. Kxe4 f2 0-1

[Event "ch N1A"]
[Site "Guingamp"]
[Date "10.12.06"]
[Round "4.1"]
[White "Le Roux, Jean-Pierre"]
[Black "David, Vincent"]
[Result "1-0"]
[WhiteElo "2494"]
[BlackElo "2371"]
[PlyCount "95"]
[EventDate "10.12.06"]
[WhiteTeam "Guingamp"]
[BlackTeam "Niort"]

1. c4 e5 2. Nc3 Nf6 3. g3 d5 4. cxd5 Nxd5 5. Bg2 Nb6 6. Nf3 Nc6 7. O-O Be7 8.
d3 O-O 9. Be3 Re8 10. Rc1 Bf8 11. Na4 Nd4 12. Nc5 Bxc5 13. Rxc5 Bg4 14. Bxd4
exd4 $11 15. Qd2 Bxf3 16. Bxf3 c6 17. Qf4 Re6 18. Rf5 f6 19. Rc1 Qd6 20. Qh4
Re5 21. Rf4 Rd8 22. Be4 h6 23. Qg4 Rg5 24. Qf3 Rb5 25. Rf5 Rxb2 26. Ra5 Nd7 27.
Qf5 Nf8 28. Rxa7 Rb5 29. Qf3 Qb4 30. a4 Ra5 31. Rxa5 Qxa5 32. Rc4 b5 33. axb5
cxb5 34. Rc5 Qb6 35. Rc6 Qb8 36. Bd5+ Kh8 37. Rxf6 Nh7 38. Rf5 Qd6 39. Bb3 Qa3
40. Rxb5 Rf8 41. Qd5 Qc1+ 42. Kg2 Qe1 43. Qxd4 Qxe2 44. Qe3 Qg4 45. h4 Qd7 46.
Bc4 Nf6 47. Qf3 Qd4 48. Rf5 1-0

[Event "ch N1A"]
[Site "Guingamp"]
[Date "10.12.06"]
[Round "4.2"]
[White "Tranchant, Sebastien"]
[Black "Terrieux, Kevin"]
[Result "1/2-1/2"]
[WhiteElo "2209"]
[BlackElo "2345"]
[PlyCount "99"]
[EventDate "10.12.06"]
[WhiteTeam "Niort"]
[BlackTeam "Guingamp"]

1. e4 e5 2. Nf3 Nc6 3. Bb5 a6 4. Bxc6 dxc6 5. O-O f6 6. d4 exd4 7. Nxd4 c5 8.
Ne2 Qxd1 9. Rxd1 Bd7 10. Nbc3 O-O-O 11. Be3 Re8 12. Rd2 Bc6 13. Rad1 Bd6 14. f3
Ne7 15. Bf4 Be5 16. Bxe5 fxe5 17. Ng3 h5 18. Nf1 b5 19. Ne3 Kb7 20. Ncd5 Bxd5
21. Nxd5 Nc8 22. Kf2 Re6 23. Ne3 Nd6 24. Rd5 Rf8 25. Kg3 c4 26. a4 Kc6 27.
axb5+ axb5 28. c3 g5 29. h3 Rf4 30. Nc2 Rf7 31. Nb4+ Kb7 32. Ra1 g4 33. Na6 h4+
34. Kh2 g3+ 35. Kg1 Ree7 36. Nc5+ Kb8 37. Ra5 Rf6 38. Ra6 c6 39. Rxc6 Nxe4 40.
Rxf6 Nxf6 41. Rd6 Nh5 42. Ne6 Nf4 43. Nxf4 exf4 44. Kf1 Ra7 45. Rd4 Ra1+ 46.
Ke2 Rg1 47. Rxf4 Rxg2+ 48. Ke3 Rxb2 49. Rxh4 b4 50. Kd4 1/2-1/2

[Event "ch N1A"]
[Site "Guingamp"]
[Date "10.12.06"]
[Round "4.3"]
[White "Gicquel, Frederic"]
[Black "Lagarde, Maxime"]
[Result "0-1"]
[WhiteElo "2215"]
[BlackElo "2154"]
[PlyCount "114"]
[EventDate "10.12.06"]
[WhiteTeam "Guingamp"]
[BlackTeam "Niort"]

1. c4 e5 2. Nc3 Nf6 3. Nf3 Nc6 4. e4 Bb4 5. d3 d6 6. g3 h6 7. Bg2 Be6 8. O-O
O-O 9. Nd5 Bc5 10. Rb1 a5 11. a3 Bxd5 12. cxd5 Nd4 13. Be3 Nxf3+ 14. Qxf3 Nd7
15. Bh3 Bxe3 16. Qxe3 a4 17. f4 exf4 18. Rxf4 c5 19. dxc6 bxc6 20. Rc1 c5 21.
Bxd7 Qxd7 22. Rf5 Rab8 23. Rc2 Rb3 24. Rd5 $11 Rfb8 25. Qf2 Qh3 26. Qd2 Qe6 27.
Qe2 R8b6 28. Rf5 g6 29. Rf2 Qe5 30. Qf3 Rb7 31. Kg2 Qd4 32. Rcd2 Qg7 33. Qe2
Qe5 34. Kf1 d5 35. exd5 Qxd5 36. Qe4 Rd7 37. Qxd5 Rxd5 38. Ke2 c4 39. d4 Rdb5
40. Kd1 c3 41. bxc3 Rxc3 42. d5 Rxa3 43. d6 Ra1+ 44. Kc2 Rb8 45. Kc3 Rc1+ 46.
Kd4 Rd8 47. Kd5 Kf8 48. Rf4 a3 49. Ra4 Rc3 50. Ra7 Re3 51. Kc6 Rc8+ 52. Kd7
Ree8 53. Rc7 Ra8 54. Ra2 Red8+ 55. Kc6 Ra6+ 56. Kb5 Rdxd6 57. Kb4 Rdb6+ 0-1

[Event "ch N1A"]
[Site "Guingamp"]
[Date "10.12.06"]
[Round "4.4"]
[White "Demuth, Adrien"]
[Black "Alanic, Mickael"]
[Result "1-0"]
[WhiteElo "2168"]
[BlackElo "2236"]
[PlyCount "80"]
[EventDate "10.12.06"]
[WhiteTeam "Niort"]
[BlackTeam "Guingamp"]

1. d4 Nf6 2. c4 g6 3. Nc3 Bg7 4. e4 d6 5. Nf3 O-O 6. Be2 e5 7. O-O Nc6 8. d5
Ne7 9. b4 Nh5 10. Re1 f5 11. Ng5 Nf6 12. f3 h6 13. Ne6 Bxe6 14. dxe6 c6 15. Qb3
a5 16. b5 a4 17. Qc2 Qc8 18. Ba3 Qxe6 19. Rad1 Rfd8 20. Bf1 g5 21. Nxa4 g4 22.
Bc1 gxf3 23. gxf3 fxe4 24. fxe4 Rf8 25. Rd3 Kh8 26. Nc3 Qxc4 27. Rh3 Qg8 28.
Re2 Ne8 29. Rg2 Qf7 30. Qd1 Ng8 31. Bd3 d5 32. exd5 cxd5 33. Bg6 Qe6 34. Rhg3
Nef6 35. Bh5 Nxh5 36. Qxh5 Qf6 37. Kh1 Rac8 38. Bd2 d4 39. Ne4 Qf7 40. Qh4 Rc7
1-0

[Event "ch N1A"]
[Site "Guingamp"]
[Date "10.12.06"]
[Round "4.5"]
[White "Alanic, Xavier"]
[Black "Flament, Alexandre"]
[Result "1/2-1/2"]
[WhiteElo "2235"]
[BlackElo "2087"]
[PlyCount "127"]
[EventDate "10.12.06"]
[WhiteTeam "Guingamp"]
[BlackTeam "Niort"]

1. e4 c5 2. c4 Nc6 3. Nc3 g6 4. g3 Bg7 5. Bg2 d6 6. Nge2 a6 7. O-O Rb8 8. a4 e6
9. d3 Nge7 10. Be3 Nd4 11. f4 O-O 12. g4 f5 13. gxf5 exf5 14. Rb1 Nec6 15. Nd5
b5 16. axb5 axb5 17. cxb5 Nxe2+ 18. Qxe2 Rxb5 19. Kh1 Nd4 20. Bxd4 Bxd4 21.
exf5 Bxf5 22. Ne7+ Kg7 23. Rfe1 Bd7 24. Nc6 Qf6 25. Qe7+ Rf7 26. Qxf6+ Bxf6 27.
b3 Bc3 28. Re2 Rxf4 29. Nd8 Be5 30. Rc1 Rxb3 31. d4 Rxd4 32. Rf1 Bf5 33. Nc6
Rf4 34. Nxe5 Rxf1+ 35. Bxf1 dxe5 36. Rxe5 Rb1 37. Kg2 Rc1 38. Re7+ Kh6 39. Rc7
Rc2+ 40. Kf3 Rxh2 41. Rxc5 Kg5 42. Kg3 Ra2 43. Rc4 Rc2 44. Rb4 h5 45. Ba6 h4+
46. Kf3 Bd7 47. Bd3 Bc6+ 48. Ke3 Rh2 49. Rb6 Be8 50. Be4 Rh3+ 51. Kf2 Rg3 52.
Bc2 Kh6 53. Be4 Rg5 54. Kf3 Bd7 55. Kf4 Rg1 56. Ke5 Rf1 57. Rb2 Kg5 58. Rg2+
Kh5 59. Bd3 Re1+ 60. Kf6 Be8 61. Bxg6+ Bxg6 62. Rg5+ Kh6 63. Rxg6+ Kh5 64. Rg5+
$11 1/2-1/2

[Event "ch N1A"]
[Site "Guingamp"]
[Date "10.12.06"]
[Round "4.6"]
[White "Voisembert, Alain"]
[Black "Bodenez, Vincent"]
[Result "1/2-1/2"]
[WhiteElo "2104"]
[BlackElo "2197"]
[PlyCount "82"]
[EventDate "10.12.06"]
[WhiteTeam "Niort"]
[BlackTeam "Guingamp"]

1. e4 c5 2. Nf3 d6 3. d4 cxd4 4. Nxd4 Nf6 5. Nc3 a6 6. Bg5 e6 7. Be2 Be7 8. Qd2
Nbd7 9. O-O h6 10. Be3 Nc5 11. f3 b6 12. b4 Ncd7 13. Nc6 Qc7 14. Nxe7 Kxe7 15.
Rfd1 Bb7 16. Na4 d5 17. e5 Nh7 18. c4 Rhd8 19. Rac1 Rac8 20. cxd5 Qxe5 21. Rxc8
Rxc8 22. dxe6 Qxe6 23. Qxd7+ Qxd7 24. Rxd7+ Kxd7 25. Nxb6+ Kc7 26. Nxc8 Bxc8
27. a4 Nf8 28. f4 f6 29. Kf2 Ne6 30. f5 Nf8 31. g4 Nd7 32. Kf3 Kd6 33. h4 Kd5
34. Kf4 Ne5 35. Bc5 a5 36. g5 hxg5+ 37. hxg5 Bd7 38. gxf6 gxf6 39. Be7 axb4 40.
Bxf6 Nc6 41. Bb5 Nb8 1/2-1/2

[Event "ch N1A"]
[Site "Guingamp"]
[Date "10.12.06"]
[Round "4.7"]
[White "Ragot, Nicolas"]
[Black "Sauvaget, Franck"]
[Result "1-0"]
[WhiteElo "2212"]
[BlackElo "1938"]
[PlyCount "68"]
[EventDate "10.12.06"]
[WhiteTeam "Guingamp"]
[BlackTeam "Niort"]

1. c4 e5 2. g3 Nf6 3. Bg2 g6 4. Nc3 Bg7 5. e4 O-O 6. Nge2 d6 7. O-O Nc6 8. d3
Nd7 9. f4 f5 10. Nd5 a5 11. exf5 gxf5 12. fxe5 dxe5 13. Be3 Ne7 14. Bg5 Nf6 15.
d4 exd4 16. Nxd4 c6 17. Nxe7+ Qxe7 18. Nxf5 Qe5 19. Qd4 Ng4 20. Qxe5 Bxe5 21.
Nh6+ Nxh6 22. Rxf8+ Kxf8 23. Bxh6+ Kg8 24. Re1 Bd4+ 25. Kh1 Bxb2 26. Re8+ Kf7
27. Rf8+ Kg6 28. Bf4 Ba3 29. Be4+ Kg7 30. Re8 b6 31. Bxc6 Bb7 32. Re6 Bxc6+ 33.
Rxc6 Bc5 34. Bc7 Rc8 1-0

[Event "ch N1A"]
[Site "Guingamp"]
[Date "10.12.06"]
[Round "4.8"]
[White "Marchais, Aurelie"]
[Black "Le Diouron, Aurelie"]
[Result "0-1"]
[WhiteElo "1778"]
[BlackElo "2005"]
[PlyCount "94"]
[EventDate "10.12.06"]
[WhiteTeam "Niort"]
[BlackTeam "Guingamp"]

1. e4 e5 2. Nc3 Nc6 3. g3 Bc5 4. Bg2 Nf6 5. Nge2 d6 6. O-O Bg4 7. h3 Be6 8. Nd5
Qd7 9. Kh2 O-O-O 10. c3 Bxd5 11. exd5 Ne7 12. b4 Bb6 13. c4 h5 14. a4 h4 15. g4
a5 16. Qb3 c5 17. bxc5 Bxc5 18. Ba3 Bxa3 19. Rxa3 Qc7 20. Rb1 Nd7 21. Nc3 Nc5
22. Qc2 Na6 23. Nb5 Qc5 24. d3 Nb4 25. Qd2 f5 26. Qe3 Qxe3 27. fxe3 Rhf8 28. d4
fxg4 29. hxg4 Ng6 30. Rc3 exd4 31. exd4 Rf2 32. c5 Nxd5 33. Rcc1 Ne3 34. Nxd6+
Rxd6 35. cxd6+ Kd7 36. Rxb7+ Kd8 37. d7 Rxg2+ 38. Kh1 Rc2 39. Re1 Rc3 40. Kg1
Nf4 41. Ra7 Nh3+ 42. Kh1 Nf2+ 43. Kg1 Nfxg4 44. Rxa5 Kxd7 45. Ra7+ Kd6 46. Rxg7
Rc2 47. Rg6+ Kd5 0-1

[Event "ch N1A"]
[Site "Issy les Moulineaux"]
[Date "10.12.06"]
[Round "4.1"]
[White "Magem Badals, Jordi"]
[Black "Roser, Kevin"]
[Result "1/2-1/2"]
[WhiteElo "2487"]
[BlackElo "2384"]
[PlyCount "68"]
[EventDate "10.12.06"]
[WhiteTeam "Noyon"]
[BlackTeam "Issy les Moulineaux"]

1. e4 c5 2. Nf3 Nc6 3. d4 cxd4 4. Nxd4 Nf6 5. Nc3 d6 6. Bg5 e6 7. Qd2 Be7 8.
O-O-O Qb6 9. Nb3 O-O 10. f3 Rd8 11. Be3 Qc7 12. Qf2 d5 13. exd5 Nxd5 14. Nxd5
Rxd5 15. Rxd5 exd5 16. Kb1 Bf5 17. g4 Bg6 18. f4 Be4 19. Bg2 Bxg2 20. Qxg2 Bd6
21. f5 Re8 22. Bc1 d4 23. g5 Bf4 24. g6 hxg6 25. fxg6 Bxc1 26. Rxc1 fxg6 27.
Qxg6 Qe5 28. Rf1 Re7 29. a3 Qe4 30. Qg3 Qe3 31. Qg4 Qe6 32. Qg3 Qe3 33. Qh4 Qe4
34. Qh3 Qe6 $11 1/2-1/2

[Event "ch N1A"]
[Site "Issy les Moulineaux"]
[Date "10.12.06"]
[Round "4.2"]
[White "Wittmann, Marc"]
[Black "Van Mil, Johannes A. J"]
[Result "1-0"]
[WhiteElo "2231"]
[BlackElo "2372"]
[PlyCount "74"]
[EventDate "10.12.06"]
[WhiteTeam "Issy les Moulineaux"]
[BlackTeam "Noyon"]

1. e4 c5 2. Nf3 e6 3. d4 cxd4 4. Nxd4 Nc6 5. Nc3 Qc7 6. Be2 a6 7. O-O Nf6 8.
Be3 Bb4 9. Na4 Be7 10. Nxc6 bxc6 11. Qd3 c5 12. c4 Bb7 13. Nc3 d6 14. f4 Nd7
15. a3 O-O 16. Rad1 Rad8 17. Rf3 Nb8 18. Rh3 Nc6 19. Nd5 exd5 20. exd5 g6 21.
dxc6 Bxc6 22. Bf3 Bf6 23. b4 Rfe8 24. f5 Qb7 25. fxg6 fxg6 26. Bxc6 Qxc6 27.
Rf1 Bg7 28. b5 Qe4 29. Qb1 axb5 30. cxb5 c4 31. Qb4 c3 32. Qb3+ d5 33. b6 Kh8
34. b7 d4 35. Rf4 Qe5 36. Rxh7+ $1 Kxh7 37. Rh4+ Bh6 1-0

[Event "ch N1A"]
[Site "Issy les Moulineaux"]
[Date "10.12.06"]
[Round "4.3"]
[White "Nguyen, Chi-Minh"]
[Black "Houhou, Olivier"]
[Result "1/2-1/2"]
[WhiteElo "2372"]
[BlackElo "2281"]
[PlyCount "124"]
[EventDate "10.12.06"]
[WhiteTeam "Noyon"]
[BlackTeam "Issy les Moulineaux"]

1. d4 Nf6 2. c4 g6 3. Nc3 d5 4. Bg5 Ne4 5. Qc1 Nxg5 6. Qxg5 Bg7 7. Qxd5 O-O 8.
Qxd8 Rxd8 9. Nd5 Rd7 10. e3 e6 11. Nc3 c5 12. Nf3 cxd4 13. Nxd4 Bxd4 14. exd4
Rxd4 15. Nb5 Rd7 16. Be2 Nc6 17. f4 a6 18. Nc3 Nd4 19. Kf2 Nxe2 20. Nxe2 b5 21.
c5 Bb7 22. Rhd1 Rad8 23. Rxd7 Rxd7 24. Rc1 Bc6 25. g3 f6 26. Ke3 e5 27. fxe5
fxe5 28. Rf1 Kg7 29. g4 b4 30. g5 Rd5 31. Rc1 h6 32. gxh6+ Kxh6 33. a3 a5 34.
axb4 axb4 35. Rc4 Bb5 36. Rc2 Bc6 37. b3 Kg5 38. Nc1 Rd4 39. Nd3 Kf5 40. Rf2+
Ke6 41. Rf8 Rh4 42. Nf2 Rxh2 43. Rg8 Rg2 44. Rd8 Rg3+ 45. Kd2 Bd7 46. Nd3 e4
47. Nxb4 Rxb3 48. c6 Rxb4 49. Rxd7 Rc4 50. Rc7 Kd6 51. Rg7 Kxc6 52. Rxg6+ Kd5
53. Rg8 Rc5 54. Rg5+ Kd6 55. Rxc5 Kxc5 56. Ke3 Kd5 57. Ke2 Kd4 58. Kd2 e3+ 59.
Ke2 Ke4 60. Ke1 Kd3 61. Kd1 e2+ 62. Ke1 Ke3 1/2-1/2